Central Library OPAC University of Rajshahi

সেলিম আল দীন রচনাসগ্র / (Record no. 64435)

MARC details
000 -LEADER
fixed length control field 00829nam a2200229 a 4500
001 - CONTROL NUMBER
control field 64435
003 - CONTROL NUMBER IDENTIFIER
rucl marc code BD-RjUL
005 - DATE AND TIME OF LATEST TRANSACTION
control field 20211209081317.0
008 - FIXED-LENGTH DATA ELEMENTS--GENERAL INFORMATION
fixed length control field 170214s2005 bg ||||| |||| 00| 0 eng d
035 ## - SYSTEM CONTROL NUMBER
System control number (BD-RjUL)64565
040 ## - CATALOGING SOURCE
Original cataloging agency BD-RjUL
Language of cataloging eng
Transcribing agency BD-RjUL
041 ## - LANGUAGE CODE
Language code of text/sound track or separate title eng
082 ## - DEWEY DECIMAL CLASSIFICATION NUMBER
Edition number 23
Classification number 891.44408
Author mark and year SEL 2005
245 00 - TITLE STATEMENT
Title সেলিম আল দীন রচনাসগ্র /
Statement of responsibility, etc. সাইমন জাকারিয়া
260 ## - PUBLICATION, DISTRIBUTION, ETC. (IMPRINT)
Place of publication, distribution, etc. ঢাকা :
Name of publisher, distributor, etc. মাওলা ব্রাদার্স,
Date of publication, distribution, etc. ২০০৫।
300 ## - PHYSICAL DESCRIPTION
Pagination খন্ড. ;
Size ২২ সেমি.
505 ## - FORMATTED CONTENTS NOTE
Formatted contents note খন্ড - ১ --
650 ## - SUBJECT ADDED ENTRY--TOPICAL TERM
Topical term or geographic name as entry element বাংলা সংগ্রহ
Form subdivision রচনা
9 (RLIN) 191167
Topical term or geographic name as entry element Bengali essays
Form subdivision collection
9 (RLIN) 191071
700 ## - ADDED ENTRY--PERSONAL NAME
Personal name জাকারিয়া, সাইমন
942 ## - ADDED ENTRY ELEMENTS (KOHA)
Source of classification or shelving scheme Dewey Decimal Classification
Koha item type Books
Holdings
Lost status Source of classification or shelving scheme Damaged status Not for loan Collection code Permanent Location Current Location Shelving location Date acquired Source of acquisition Cost, normal purchase price Total Checkouts Full call number Date last seen Copy number Koha item type
  Dewey Decimal Classification   Not For Loan Non-fiction Central Library, University of Rajshahi Central Library, University of Rajshahi Reading Room 10/02/2013 Rajshahi titas book 300.00   B 891.44208 SEL V-1 2005 14/02/2017 C-1 Books